| 000 | 00475nam a22001817a 4500 | ||
|---|---|---|---|
| 003 | CEME | ||
| 005 | 20210628202557.0 | ||
| 008 | 210119b xxu||||| |||| 00| 0 eng d | ||
| 020 | _a0-671-71135-0 | ||
| 040 | _cceme | ||
| 082 | _a158.4 COV | ||
| 100 |
_aCovey, Stephen R _9346 |
||
| 245 | _aPrinciple centered leadership | ||
| 260 |
_aNEW YORK _bSIMON SCHUSTER _c1997 |
||
| 300 | _a332 P | ||
| 650 |
_aSUCCESS-PSYCHOLOGICAL ASPECTS .LEADERSHIP _960559 |
||
| 942 |
_cBK _2ddc |
||
| 999 |
_c570260 _d570260 |
||